Statystyki dla Trudne pytania o piłce nożnej

Kliknij tutaj aby rozwiązać quiz!

Ogólne statystyki

  • Ten quiz został rozwiązany 165 razy
  • Średni wynik to 2 z 9

Statystyki odpowiedzi

ZagadnienieOdpowiedź% Poprawnych
Który piłkarz jako jedyny wygrał Super Złotą Piłkę?Di Stefano
48%
Czy CWKS Legia Warszawa kiedykolwiek spadła z Extraklasy?Spadli w 1936
29%
Ile oficjalnych, udokumentowanych meczy zagrała Reprezentacja Watykanu?4
26%
Która rocznicę powstania świętował Lech Poznań w 202099
26%
W jakim meczu w 1977 roku zadebiutował w drużynie narodowej Argentyny 16-letni Diego Maradona?Z Węgrami
26%
Kto strzelił pierwszego gola w historii polskiej piłki nożnej?Włodzimierz Chomicki
23%
Na którym stadionie powstała tzw. meksykańska fala?Estadio Universitario
20%
Ile medali na Igrzyskach olimpijskich zdobyła reprezentacja Polski w piłce nożnej mężczyzn?3
18%
Która drużyna piłkarska zdobyła najwięcej mistrzostw polski w 2017 rokuWisła Kraków
10%

Rozkład punktacji

Percentyl według liczby udzielonych odpowiedzi

Procent ludzi z każdym wynikiem

Twoja historia wyników

Nie rozwiązałeś tego quizu